000 00876nam a2200265Ia 4500
003 OSt
005 20221005110931.0
006 a|||||r|||| 00| 0
007 ta
008 221004b |||||||| |||| 00| 0 hin d
024 _a31693
037 _cTextual
040 _aCRL
_cCRL
_bhin
041 _2hin
_ahin
082 _aO152:g, L0
100 _aत्रिपाठी, विश्वनाथ
245 0 _aहिन्दी आलोचना
246 _aHindī ālochanā
260 _aनई दिल्ली
_bराजकमल प्रकाशन भारत
_c1970
300 _a232पृ.
_ccm.
650 _a हिन्दी आलोचना
650 _aहिन्दी साहित्य
942 _hO152:g, L0
_cTEXL
_2cc
999 _c1020306
_d1020306